|
|
|
|
| LEADER |
01043nam a2200265 a 4500 |
| 001 |
2127086 |
| 008 |
120708r2003 iaua b 001 0 eng |
| 010 |
|
|
|a 97043709
|
| 020 |
|
|
|a 8122900054
|
| 020 |
|
|
|a 0813827191
|
| 040 |
|
|
|a DLC
|c DLC
|d DLC
|d BD-DhAAL
|
| 050 |
0 |
0 |
|a PN4797
|b .S67 1998
|
| 082 |
0 |
0 |
|a 070.4/023
|2 21
|
| 100 |
1 |
|
|a Stein, M. L.
|q (Meyer L.)
|
| 245 |
1 |
4 |
|a The newswriter's handbook :
|b an introduction to journalism /
|c M.L. Stein and Susan F. Paterno.
|
| 250 |
|
|
|a 1st ed.
|
| 260 |
|
|
|a Ames :
|b Iowa State University Press ;
|a Delhi :
|b Surjeet Publications,
|c 2003 [reprinted]
|
| 300 |
|
|
|a vii, 303 p. :
|b ill. ;
|c 26 cm.
|
| 504 |
|
|
|a Includes bibliographical references (p. 289) and index.
|
| 541 |
|
|
|e 00015593
|
| 650 |
|
0 |
|a Journalism
|x Vocational guidance.
|
| 700 |
1 |
|
|a Paterno, Susan.
|
| 852 |
1 |
|
|a Ayesha Abed Library
|c General shelf.
|
| 999 |
|
|
|c 12529
|d 12529
|
| 952 |
|
|
|0 0
|1 0
|2 ddc
|4 0
|6 070_402300000000000_STE
|7 0
|9 20688
|a BRACUL
|b BRACUL
|c GEN
|d 2012-07-09
|l 1
|m 7
|o 070.4023 STE
|p 3010015593
|r 2025-08-10
|s 2025-06-21
|t 1
|w 2012-07-09
|y BK
|